El negocio jurídico / (Registro nro. 29177)

Detalles MARC
000 -LEADER
fixed length control field 01331nam a2200265Ia 4500
003 - CONTROL NUMBER IDENTIFIER
control field CO-CtgCURN
005 - DATE AND TIME OF LATEST TRANSACTION
control field 20250408165340.0
008 - FIXED-LENGTH DATA ELEMENTS--GENERAL INFORMATION
fixed length control field 190723s9999 xx 000 0 und d
020 ## - INTERNATIONAL STANDARD BOOK NUMBER
International Standard Book Number 9586909115
040 ## - CATALOGING SOURCE
Original cataloging agency CO-CtgCURN
Language of cataloging spa
Transcribing agency coctgcurn
082 ## - DEWEY DECIMAL CLASSIFICATION NUMBER
Classification number 346.022
Item number L523n
100 ## - MAIN ENTRY--PERSONAL NAME
Personal name Lehmann, Heinrich
Dates associated with a name 1876-1963
Relator term autor
9 (RLIN) 8139
245 #0 - TITLE STATEMENT
Title El negocio jurídico /
Statement of responsibility, etc. Heinrich Lehmann
260 ## - PUBLICATION, DISTRIBUTION, ETC.
Place of publication, distribution, etc. Bogotá, Colombia :
Name of publisher, distributor, etc. Leyer,
Date of publication, distribution, etc. 2005
300 ## - PHYSICAL DESCRIPTION
Extent 216 páginas ;
Dimensions 21 centímetros.
505 ## - FORMATTED CONTENTS NOTE
Formatted contents note Cap.1. Negocio jurídico y declaraciones de voluntad. el sentido de la declaración de voluntad y de la autonomía privada -- Cap.2. Clases de negocios jurídicos -- Cap.3. Elementos del negocio jurídico -- Cap.4. Ineficacia de los negocios jurídicos -- Cap.5. Requisitos del negocio jurídico -- Cap.6. Condición y determinación del tiempo (plazo) -- Cap.7. La representación -- Cap.8. El asentimiento.
521 ## - TARGET AUDIENCE NOTE
Target audience note AREA PROFESIONAL
590 ## - LOCAL NOTE (RLIN)
Local note Programa de Derecho_18
650 ## - SUBJECT ADDED ENTRY--TOPICAL TERM
Topical term or geographic name entry element Negocios jurídicos (Derecho)
9 (RLIN) 8140
650 ## - SUBJECT ADDED ENTRY--TOPICAL TERM
Topical term or geographic name entry element Obligaciones (Derecho)
9 (RLIN) 8141
942 ## - ADDED ENTRY ELEMENTS (KOHA)
Koha item type Libros
Classification part 346.022
Item part L523n
Source of classification or shelving scheme Dewey Decimal Classification
Suppress in OPAC No
Existencias
Withdrawn status Lost status Damaged status Not for loan Collection Home library Current library Shelving location Date acquired Inventory number Total checkouts Full call number Barcode Date last seen Copy number Price effective from Koha item type
          Miguel Henríquez Castañeda Barranquilla Miguel Henríquez Castañeda Barranquilla General 05/23/2018 02188   346.022 L523n 02188 07/23/2019 ej.1 07/23/2019 Libros
          Miguel Henríquez Castañeda Barranquilla Miguel Henríquez Castañeda Barranquilla General 05/23/2018 02189   346.022 L523n 02189 07/23/2019 ej.2 07/23/2019 Libros
          Miguel Henríquez Castañeda Barranquilla Miguel Henríquez Castañeda Barranquilla General 05/23/2018 02190   346.022 L523n 02190 07/23/2019 ej.3 07/23/2019 Libros